| 000 | 00950nam a2200241 a 4500 | ||
|---|---|---|---|
| 001 | 000603372 | ||
| 003 | AM-YEHGA | ||
| 005 | 20250617160540.0 | ||
| 008 | 081007s1960 ru a||||||||||||||||rus|d | ||
| 040 | _aAM-YeHGA | ||
| 041 | 0 | _arus | |
| 100 | 1 | _aБоткина, Александра Павловна | |
| 245 | 1 | 0 |
_aПавел Михайлович Третьяков в жизни и искусстве / _cА. П. Боткина. |
| 250 | _a2-е изд. | ||
| 260 |
_aМосква : _bИскусство, _c1960. |
||
| 300 |
_a355 с. : _b34 л. ил. ; портр. ; _c22 см. |
||
| 440 | 0 | _aЖизнь в искусстве | |
| 500 | _aЗагл. 2-го изд.: Павел Михайлович Третьяков в жизни и искусстве" | ||
| 600 | 1 | 4 | _aТретьяков, Павел Михайлович |
| 650 | 1 | 4 | _aТретьяковская галерея - История |
| 942 |
_2udc _cBK |
||
| 090 | _c458504 | ||
| 999 |
_c455497 _d455497 |
||